000 00404cam a2200169ua 4500
003 OSt
008 250320b |||||||| |||| 00| 0 eng d
041 _aeng
082 _a621.942
_bSPA/AM
100 _aSparey, Lawrence.H .
_97306
245 _aAmateur`s Lathe /
250 _a4 /
260 _a :
_bGeorge Newnes Ltd ,
_c1964.
300 _a224 ; .
700 1 _aRussell, D.A .
_97307
942 _cBK
999 _c2659
_d2659